000 01196nam a22003377a 4500
001 742
005 20250218093220.0
020 _a0061234761
020 _a9780061234767
040 _aJZE
_cJZE
_dBAKER
_dDLC
_beng
050 0 0 _aPZ7.G9846
_bMu 2007b
082 0 0 _a[Fic]
_222
100 1 _aGutman, Dan.
245 1 0 _aMrs. Yonkers is bonkers! /
_cDan Gutman ; pictures by Jim Paillot.
250 _aFirst Harper Trophy edition, 2007
260 _aNew York :
_bHarperCollins,
_c2007.
300 _a101 pages :
_billustrations ;
_c20 cm.
490 0 _aMy weird school ;
_vBook 18
505 _aN
520 _aAs the new computer lab teacher tries to bring Ella Mentry School into the twenty-first century with her peculiar inventions, second-grader A.J. struggles to survive without sugary snacks when principal Klutz bans junk food.
521 0 _a580
_bLexile
521 0 _aN
_bRaz-Plus
650 1 _aSchools
_vFiction.
650 1 _aInventions
_vFiction.
650 1 _aTeachers
_vFiction.
650 1 _aJunk food
_vFiction.
650 1 _aHumorous stories.
700 1 _aPaillot, Jim,
_eillustrator.
906 _a7
_bcbc
_ccopycat
_d2
_encip
_f20
_gy-gencatlg
942 _2ddc
_cBK
_n0
999 _c742
_d742